000 00524nam a2200205 a 4500
001 BS0002231
003 BR-BrBNA
005 20230906142238.0
008 230308b |||||||| |||| 00| 0 por d
040 _aBR-BrBNA
_bpor
_cBiblioteca Nacional de Agricultura
041 _apor
072 _aS85
090 _aS85
_bBS0002231
100 1 _aWambaugh, Joseph.
245 1 _aThe onion field /
260 3 _aNova Iorque:
_bDell Publishing,
_c1974.
300 _a443 p.
650 _aS85 LITERATURA AMERICANA
942 _cBK
_2AGRIS
999 _c7262
_d7262